00338nam a22001217a 4500010001400000020002600014037003000040082000600070245002900076260003400105270005800139300001900197 a1718CH-EN a9788190960663c450.00 aDPLbKids Knowledge Bank  aS aBugs can make us sick! / aDelhi bKids Knowledge c2017 a7/20, 60 Feet Road, Yudhishtra Gali, bDelhi e110032 a56p.c25cm(Hb)